书目信息 |
| 题名: |
酸性硫酸盐土的环境危害机理及其生态风险评价方法研究
|
|
| 作者: | 王建武 著 | |
| 分册: | ||
| 出版信息: | 北京 气象出版社 2003.10 |
|
| 页数: | 265页 | |
| 开本: | 21cm | |
| 丛书名: | ||
| 单 册: | ||
| 中图分类: | X825 | |
| 科图分类: | ||
| 主题词: | 酸性硫酸盐土--suan xing liu suan yan tu--土壤环境--生态环境--评价--研究 , 酸性硫酸盐土--suan xing liu suan yan tu , 酸性硫酸盐土--suan xing liu suan yan tu--土壤环境--环境污染--危害--研究 , 土壤环境--tu rang huan jing | |
| 电子资源: | ||
| ISBN: | 7-5029-3653-X | |
| 000 | 01243nam0 2200277 45 | |
| 001 | 012004097164 | |
| 005 | 20061226104410.18 | |
| 010 | @a7-5029-3653-X@dCNY20.00 | |
| 100 | @a20040225d2003 emky0chiy0121 ea | |
| 101 | 0 | @achi |
| 102 | @aCN@b110000 | |
| 105 | @aa z 000yy | |
| 200 | 1 | @a酸性硫酸盐土的环境危害机理及其生态风险评价方法研究@Asuan xing liu suan yan tu de huan jing wei hai ji li ji qi sheng tai feng xian ping jia fang fa yan jiu@f王建武等著 |
| 210 | @a北京@c气象出版社@d2003.10 | |
| 215 | @a265页@c图@d21cm | |
| 320 | @a有书目 | |
| 330 | @a本书共分6章, 从田块和区域两个尺度分别对酸性硫酸盐土环境危害产生的硫、酸、铝连锁动态关系和景观分布特征与空间变异以及生态风险评价方法进行了深入探讨。 | |
| 510 | 1 | @aStudies on the mechanism of acid sulfate soils environmental problem and its methodology of environmental risk assessment@zeng |
| 606 | 0 | @a酸性硫酸盐土@Asuan xing liu suan yan tu@x土壤环境@x生态环境@x评价@x研究 |
| 606 | 0 | @a酸性硫酸盐土@Asuan xing liu suan yan tu |
| 606 | 0 | @a酸性硫酸盐土@Asuan xing liu suan yan tu@x土壤环境@x环境污染@x危害@x研究 |
| 606 | 0 | @a土壤环境@Atu rang huan jing |
| 690 | @aX825@v4 | |
| 701 | 0 | @a王建武@Awang jian wu@4著 |
| 801 | 0 | @aCN@c20061226 |
| 905 | @a10447@dX825@eW220 | |
| 酸性硫酸盐土的环境危害机理及其生态风险评价方法研究/王建武等著.-北京:气象出版社,2003.10 |
| 265页:图;21cm |
| ISBN 7-5029-3653-X:CNY20.00 |
| 本书共分6章, 从田块和区域两个尺度分别对酸性硫酸盐土环境危害产生的硫、酸、铝连锁动态关系和景观分布特征与空间变异以及生态风险评价方法进行了深入探讨。 |
| ● |
| 相关链接 |
|
|
|
正题名:酸性硫酸盐土的环境危害机理及其生态风险评
索取号:X825/W220
 
预约/预借
| 序号 | 登录号 | 条形码 | 馆藏地/架位号 | 状态 | 备注 |
| 1 | 640923 | 206409233 | 自科库501/501自科库 114排1列4层/ [索取号:X825/W220] | 在馆 | |
| 2 | 640924 | 206409242 | 期刊室512/501自科库 114排1列4层/ [索取号:X825/W220] | 在馆 | |
| 3 | 640925 | 206409251 | 自科库501/501自科库 114排1列4层/ [索取号:X825/W220] | 在馆 |